00511nam a2200121 a 450000500170000000800410001705000180005810000300007624500740010625000210018026000350020152001530023620140414131902.0100920s19uu xx 00 eng d aFICbF95 2006 aFunke, Cornelia Caroline. aGhosthunters and the incredibly revolting ghost /cby Cornelia Funke. a1st American ed. aNew York :bScholastic,c2006. aA timid boy named Tom reluctantly agrees to help professional ghostbuster Hetty Hyssop dispel an IRG (Incredibly Revolting Ghost) from an old house.